Cospahne Boctoyhbix Pykoancen Akalmnn (Aayk) (Record no. 433372)

MARC details
000 -LEADER
fixed length control field 00517nam a2200205Ia 4500
003 - CONTROL NUMBER IDENTIFIER
control field OSt
005 - DATE AND TIME OF LATEST TRANSACTION
control field 20220924133314.0
008 - FIXED-LENGTH DATA ELEMENTS--GENERAL INFORMATION
fixed length control field 220923b |||||||| |||| 00| 0 rus d
037 ## - SOURCE OF ACQUISITION
Terms of availability Textual
040 ## - CATALOGING SOURCE
Original cataloging agency ARTS
Transcribing agency ARTS
Language of cataloging rus
041 ## - LANGUAGE CODE
Source of code rus
Language code of text/sound track or separate title rus
245 #0 - TITLE STATEMENT
Title Cospahne Boctoyhbix Pykoancen Akalmnn (Aayk)
260 ## - PUBLICATION, DISTRIBUTION, ETC.
Date of publication, distribution, etc. 1957
942 ## - ADDED ENTRY ELEMENTS (KOHA)
Classification part 12:3164, 142J7.5
Koha item type Textual
Source of classification or shelving scheme Colon Classification (CC)
Holdings
Withdrawn status Lost status Damaged status Not for loan Home library Current library Date acquired Total Checkouts Full call number Barcode Date last seen Price effective from Koha item type
        Arts Library Arts Library 2022-09-24   12:3164 142J7.5 AL0228646 2022-09-24 2022-09-24 Textual
Copyright @ Delhi University Library System